I. Compton-Burnett

Guardat en:
Dades bibliogràfiques
Autor principal: Johnson, Pamela Hansford (Autor)
Format: Llibre
Idioma:anglès
Publicat: Londres Longmans 1951
Col·lecció:Bibliographical Series of Supplements to British Book News
Matèries:
Etiquetes: Afegir etiqueta
Sense etiquetes, Sigues el primer a etiquetar aquest registre!

MARC

LEADER 00000nam a2200000 a 4500
001 UCZ4910
003 CL-VaPUC
008 951115e19510000UK |||||||||||||||||eng|d
082 0 4 |a 823.09  |b JOH  |2 21 
100 |a Johnson, Pamela Hansford  |e author  |9 418045 
245 1 0 |a I. Compton-Burnett 
300 |a 44 p 
942 |c BK 
945 |d 19951115 00:00:00  |a rleighto 
260 |a Londres  |b Longmans  |c 1951 
600 0 7 |a COMPTON-BURNETT, I  |2 CL-VaPUC  |9 348869 
650 7 |a NOVELA INGLESA  |2 CL-VaPUC  |9 309260 
650 0 |a Crítica e interpretación   |9 255042 
583 |a last modification  |c 19951115 00:00:00  |k Rodrigo Vera 
490 0 |a Bibliographical Series of Supplements to British Book News 
999 |c 241253  |d 241251 
952 |0 0  |1 0  |4 0  |6 823_090000000000000_JOH_1951  |7 0  |8 A  |9 253538  |a BIBEDU  |b BIBEDU  |d 2019-11-19  |i 3147959  |o 823.09 JOH 1951  |p 3147959  |r 2019-11-19  |w 2019-11-19  |y BK  |k LIT 
952 |0 0  |1 0  |4 0  |6 823_090000000000000_JOH_1951  |7 0  |8 A  |9 253539  |a BIBEDU  |b BIBEDU  |d 2019-11-19  |i 3158217  |o 823.09 JOH 1951  |p 3158217  |r 2019-11-19  |w 2019-11-19  |y BK  |k LIT